000
00278nam a2200109Ia 4500
001
1272425
005
20260417151428.0
008
260417s9999 xx 000 0 und d
020
_a
9786255888129
245
0
_a
Gökyüzü İsminde Bir At
_c
Rosanne Parry
260
_b
Ketebe Genç
999
_c
1272425
_d
1272425